Responses for show #5201 - Monday, April 2, 2007

Contestants

Craig Nemiroff, a director of business development from New York, New York

Lenzy Krehbiel-Burton, a graduate student originally from Tulsa, Oklahoma

Ross Brown, a writer from Washington, D.C. (whose 1-day cash winnings total $12,300)

Jeopardy! Round responses

THE NEW YORK TIMES HEADLINES
I'LL BE YOUR HOST
FAMOUS "M"EN
BEVERAGES
THE SMALLEST IN AREA
_____ OF _____
    $200 1
Korea

Craig
    $200 8
The View

Lenzy
    $200 13
(James) Madison

Lenzy
    $200 18
espresso

Ross
    $200 2
Israel

Craig
    $200 23
Fourth of July

Lenzy
    $400 4
(Lenzy: What is the North Pole?)

the South Pole

RossLenzy
    $400 9
Miss America

Ross
    $400 14
Manet

Lenzy
    $400 19
Coke (or Coca-Cola)

Craig
    $400 3
Armenia

Ross
    $400 24
hour of need

Lenzy
    $600 5
(Wiley) Post

Lenzy
    $600 10
Groucho Marx

Craig
    $600 15
Milosevic

Lenzy
    $600 20
soy

Ross
    $600 27
United Arab Emirates

Craig
    $600 25
sleight of hand

Ross
    $800 6
(Lenzy: Who is Gandhi?)
(Alex: Oh, no. Sorry. [*] was killed by a number of military personnel.)

Anwar Sadat

Lenzy
    $800 11
(Alex: You guys are too young to remember [*].)

Mike Douglas

Triple Stumper
    $800 16
Mozart

Craig
    $800 21
orange

Lenzy
    $800 28
Senegal

Craig
    $800 26
oath of office

Craig
    $1000 7
Czechoslovakia

Ross
    $1000 12
Douglas Fairbanks

Ross
    $1000 17
(Ferdinand) Marcos

Ross
    $1000 22
tea

Ross
    $1000 29
Rwanda

Lenzy
    $1000 30
rule of thumb

Lenzy

Scores at the first commercial break (after clue 14):

Ross Lenzy Craig
$3,200 $200 $1,000

Scores at the end of the Jeopardy! Round:

Ross Lenzy Craig
$6,600 $4,200 $4,400

Double Jeopardy! Round responses

SCIENCE CLASS
SPORTS 2006
FASHION & BEAUTY
AN OPERATIC CATEGORY
YOU'VE "GOT"
A REAL BEATITUDE PROBLEM
    $400 11
genes

Craig
    $400 1
ESPN

Ross
    $400 16
lipstick

Craig
    $400 17
Aida

Ross
    $400 24
begot

Ross
    $400 2
the Sermon on the Mount

Ross
    $800 12
an electron

Craig
    $800 4
hockey

Craig
    $800 18
black & white

Craig
    $800 22
La boheme

Craig
    $800 25
maggot

Lenzy
    $800 3
the meek

Craig
    $2,000 13
the crust

Craig
    $1200 5
tomato

Ross
    $1200 19
platform

Ross
    $1200 23
Brunhilde

Lenzy
    $1200 26
a spigot

Craig
    $1200 6
Matthew

Triple Stumper
    $1600 14
Sagittarius

Ross
    $1600 9
the WNBA

Lenzy
    $1600 20
vents

Ross
    $1600 27
Threepenny Opera

Craig
    $1600 29
(Ross: What is a braggot?)

an egotist

Ross
Triple Stumper
    $1600 7
(Ross: Who are the poor?)

the peacemakers

Ross
Triple Stumper
    $2000 15
(Ross: [Without ringing in] What is [*]?)
(Alex: You have to ring in.)
(Ross: [Ringing in] Oop!)
(Alex: Ross.)
(Ross: Sorry, ooh. I thought it was...)
(Alex: Hurry!)
(Ross: Swa--What is [*]?!)
(Alex: Yes, you are right. Almost, almost a disaster for you there...)
(Ross: Oh, my God!)
(Alex: ...but instead you earn $2000.)

surface tension

Ross
    $2000 10
the Red Bulls

Lenzy
    $2000 21
Juicy Couture

Lenzy
    $1,000 28
(Craig: What is Dracula?)

Die Fledermaus

Craig
    $2000 30
Gilbert Gottfried

Lenzy
    $2000 8
Nietzsche

Craig

Scores at the end of the Double Jeopardy! Round:

Ross Lenzy Craig
$12,600 $13,800 $15,000

[wagering suggestions for these scores]

Final Jeopardy! Round responses

HISTORIC LOCATIONS
(Alex: No, the signing of the surrender of Japan occurred on [*].)

[ZergCam]
RossWhat is the battleship Arizona?
$10,000
LenzyWhat is the USS Constitution
$3,500
CraigWhat is the USS Colorado
$12,601
the USS battleship Missouri

Final scores:

Ross Lenzy Craig
$2,600 $10,300 $2,399
2nd place: $2,000 New champion: $10,300 3rd place: $1,000

Game dynamics:

Coryat scores:

Ross Lenzy Craig
$12,600 $14,600 $15,200
19 R,
2 W
16 R,
2 W
(including 1 DD)
19 R
(including 1 DD),
1 W
(including 1 DD)

Combined Coryat: $42,400

The J! Archive is created by fans, for fans. The Jeopardy! game show and all elements thereof, including but not limited to copyright and trademark thereto, are the property of Jeopardy Productions, Inc. and are protected under law. This website is not affiliated with, sponsored by, or operated by Jeopardy Productions, Inc. Join the discussion at JBoard.tv.